[Event "European Youth Chess Championship B14"]
[Site "Prague, Top Hotel Prague"]
[Date "2016.08.27"]
[Round "9.49"]
[White "Lund, Gunnar"]
[Black "Colonetti, Fabio"]
[Result "1-0"]
[WhiteElo "1913"]
[BlackElo "1833"]
[PlyCount "73"]
[EventDate "2016.08.18"]

1. e4 Nf6 2. e5 Nd5 3. d4 d6 4. c4 Nb6 5. exd6 cxd6 6. Nc3 g6 7. Be3 Bg7 8. Rc1
O-O 9. b3 Bf5 10. Nf3 Bg4 11. Be2 Nc6 12. d5 Bxf3 13. Bxf3 Ne5 14. Be2 f5 15.
f4 Nf7 16. O-O Nd7 17. Nb5 Qa5 18. Rc2 Nc5 19. Bd4 Nd8 20. Bxg7 Kxg7 21. Bf3 a6
22. Nd4 Qb6 23. Kh1 e5 24. dxe6 Ndxe6 25. Bd5 Nc7 26. Bf3 Rad8 27. Re1 Rf7 28.
Rce2 d5 29. cxd5 Ne4 30. Bxe4 fxe4 31. Qa1 Kg8 32. Rxe4 Rxd5 33. Nf3 Rfd7 34.
Ne5 Rd8 35. Ng4 Rd4 36. Re7 Qd6 37. Nh6+ 1-0

[Event "European Youth Chess Championship B14"]
[Site "Prague, Top Hotel Prague"]
[Date "2016.08.27"]
[Round "9.50"]
[White "Alivodic, Dario"]
[Black "Bystritskiy, Daniil"]
[Result "1-0"]
[WhiteElo "1834"]
[BlackElo "1906"]
[PlyCount "35"]
[EventDate "2016.08.18"]

1. d4 Nf6 2. c4 e6 3. Nf3 d5 4. Nc3 dxc4 5. e4 a6 6. a4 Bb4 7. Bg5 h6 8. Bxf6
Qxf6 9. Bxc4 c5 10. O-O Nc6 11. e5 Qd8 12. d5 exd5 13. Nxd5 Bg4 14. Qd3 O-O 15.
Nf6+ gxf6 16. Qg6+ Kh8 17. Qxh6+ Kg8 18. exf6 1-0

[Event "European Youth Chess Championship B14"]
[Site "Prague, Top Hotel Prague"]
[Date "2016.08.27"]
[Round "9.51"]
[White "Sjoberg, Isak"]
[Black "Kramich, Aliaksei"]
[Result "0-1"]
[WhiteElo "1893"]
[BlackElo "1629"]
[PlyCount "96"]
[EventDate "2016.08.18"]

1. e4 e5 2. Nf3 Nc6 3. Bb5 f5 4. d3 fxe4 5. dxe4 Nf6 6. O-O d6 7. a3 Be7 8. Bc4
Bg4 9. h3 Bxf3 10. Qxf3 Qd7 11. Be3 O-O-O 12. Nc3 Rdf8 13. Qe2 Kb8 14. Bb5 a6
15. Bxa6 Nd4 16. Qc4 bxa6 17. Bxd4 exd4 18. Qxd4 Qc6 19. Rad1 Nd7 20. Qb4+ Qb7
21. Qa5 Nf6 22. Rd3 g5 23. Nd5 Nxd5 24. exd5 Qa7 25. Rb3+ Kc8 26. Qe1 Kd8 27.
Qc3 Bf6 28. Qc6 Kc8 29. c3 Be5 30. Qc4 Rf4 31. Qe2 Rhf8 32. c4 h6 33. Re3 Kd8
34. Kh1 Qd4 35. g3 R4f5 36. b3 Qb2 37. Qxb2 Bxb2 38. Re2 Bxa3 39. Kg2 Re8 40.
Rxe8+ Kxe8 41. Ra1 Bc5 42. f3 Re5 43. Rxa6 Re2+ 44. Kh1 Rf2 45. Ra8+ Ke7 46.
Rh8 Rxf3 47. Rxh6 Rxg3 48. Rh7+ Kf6 0-1

[Event "European Youth Chess Championship B14"]
[Site "Prague, Top Hotel Prague"]
[Date "2016.08.27"]
[Round "9.52"]
[White "Polansky, Adam Lubos"]
[Black "Stinka, Jakub"]
[Result "1/2-1/2"]
[WhiteElo "1773"]
[BlackElo "2034"]
[PlyCount "84"]
[EventDate "2016.08.18"]

1. e4 c5 2. Nf3 d6 3. d4 cxd4 4. Nxd4 Nf6 5. Nc3 Nc6 6. Bc4 e6 7. Be3 Be7 8.
Qe2 O-O 9. O-O-O a6 10. Rhg1 Qe8 11. g4 Nd7 12. f4 Nc5 13. g5 b5 14. Bb3 b4 15.
Nxc6 Nxb3+ 16. axb3 Qxc6 17. Na4 a5 18. Bd4 Ba6 19. Qg2 e5 20. fxe5 dxe5 21.
Bxe5 Bb5 22. h4 Bxa4 23. bxa4 b3 24. h5 Qxa4 25. g6 fxg6 26. hxg6 h6 27. Rd3
Bg5+ 28. Kd1 bxc2+ 29. Qxc2 Qxe4 30. Re1 Qg4+ 31. Qe2 Qf5 32. Qe4 Qxe4 33. Rxe4
Rad8 34. Rxd8 Rxd8+ 35. Rd4 Rxd4+ 36. Bxd4 Bf6 37. Bb6 Bxb2 38. Bxa5 Kf8 39.
Bb4+ Ke8 40. Bd2 h5 41. Ke2 Ke7 42. Kf3 Kf6 1/2-1/2

[Event "European Youth Chess Championship B14"]
[Site "Prague, Top Hotel Prague"]
[Date "2016.08.27"]
[Round "9.53"]
[White "Nagy, Ladislav"]
[Black "Haase, Pavel"]
[Result "1-0"]
[WhiteElo "1872"]
[BlackElo "2012"]
[PlyCount "177"]
[EventDate "2016.08.18"]

1. e4 c5 2. Nf3 d6 3. d4 cxd4 4. Nxd4 Nf6 5. Nc3 a6 6. Bg5 e6 7. Bd3 Be7 8. Qe2
Qc7 9. O-O-O Nbd7 10. f4 h6 11. Bh4 b5 12. Rhe1 b4 13. Nd5 exd5 14. exd5 O-O
15. Qxe7 Re8 16. Qxe8+ Nxe8 17. Rxe8+ Nf8 18. Rde1 Bb7 19. Rxa8 Bxa8 20. Re8
Bxd5 21. Be7 g6 22. f5 Kh7 23. Bxf8 Qc5 24. Ne2 Bc4 25. fxg6+ fxg6 26. Bxc4
Qxc4 27. Bxd6 g5 28. Kb1 Qd5 29. Bxb4 Qxg2 30. Bd6 Qd5 31. Bg3 h5 32. Re5 Qh1+
33. Nc1 Kg6 34. Re6+ Kf5 35. Rxa6 h4 36. Ra5+ Kf6 37. Bc7 g4 38. Bd8+ Ke6 39.
Bxh4 Qxh2 40. Bd8 Qd2 41. Rg5 Qf4 42. Rg7 Qd4 43. Rg8 Kf7 44. Rg5 Qf4 45. Rh5
g3 46. Bc7 Qg4 47. Rh1 g2 48. Rg1 Qf3 49. Bb6 Qc6 50. Bf2 Qf3 51. Nd3 Ke6 52.
a3 Kd6 53. Bc5+ Kc7 54. a4 Qa8 55. a5 Qxa5 56. Rxg2 Qa8 57. Rg1 Qd5 58. b4 Kc6
59. Re1 Kb5 60. Kb2 Qg2 61. Bd6 Qg7+ 62. Be5 Qg2 63. Ra1 Qe4 64. Ra5+ Kb6 65.
Rc5 Qg4 66. b5 Qa4 67. Bc7+ Kb7 68. b6 Qd4+ 69. Rc3 Ka8 70. Kb3 Qd5+ 71. Ka3
Qd4 72. Kb2 Qf6 73. Kb3 Qd4 74. Rc4 Qd5 75. Kb4 Qe6 76. Rc5 Qe7 77. Kb3 Qe6+
78. Kb2 Qf6+ 79. Kb1 Qf1+ 80. Nc1 Qe1 81. Rb5 Kb7 82. Kb2 Qf1 83. Nd3 Qf6+ 84.
Be5 Qf1 85. Rb4 Qg1 86. Bd4 Qg5 87. Nc5+ Kb8 88. b7 Qg3 89. Be5+ 1-0

[Event "European Youth Chess Championship B14"]
[Site "Prague, Top Hotel Prague"]
[Date "2016.08.27"]
[Round "9.54"]
[White "Orfini, Nicolo`"]
[Black "Balashov, Egor"]
[Result "1/2-1/2"]
[WhiteElo "1996"]
[BlackElo "1624"]
[PlyCount "50"]
[EventDate "2016.08.18"]

1. e4 e6 2. d3 d5 3. Nd2 Nf6 4. Ngf3 Nc6 5. c3 a5 6. Qc2 e5 7. g3 dxe4 8. Nxe4
Nxe4 9. dxe4 Bc5 10. Bg2 O-O 11. O-O b6 12. Re1 Ba6 13. Bf1 Bxf1 14. Kxf1 Qe7
15. Be3 Rfd8 16. Kg2 Rd7 17. Rad1 Rad8 18. Rxd7 Rxd7 19. Bxc5 Qxc5 20. Rd1 Rxd1
21. Qxd1 Qd6 22. Qe2 g6 23. Nd2 f6 24. Nc4 Qd7 25. Ne3 Ne7 1/2-1/2

[Event "European Youth Chess Championship B14"]
[Site "Prague, Top Hotel Prague"]
[Date "2016.08.27"]
[Round "9.55"]
[White "Lomandong, Marc-Antoine"]
[Black "Akulov, Lev"]
[Result "1-0"]
[WhiteElo "1918"]
[BlackElo "1862"]
[PlyCount "95"]
[EventDate "2016.08.18"]

1. d4 e6 2. c4 d5 3. Nc3 Nf6 4. Bg5 Nbd7 5. e3 Be7 6. Nf3 O-O 7. cxd5 exd5 8.
Bd3 Re8 9. Qc2 Nf8 10. O-O c6 11. Rab1 Nh5 12. Bxe7 Qxe7 13. Rfe1 Bg4 14. Ne5
Nf6 15. e4 dxe4 16. Nxe4 Nxe4 17. Nxg4 Qg5 18. Ne5 Nd6 19. Re3 Ng6 20. Rbe1 Qh4
21. Qb3 Qf6 22. Nxf7 Kf8 23. Nxd6 Qxd6 24. Bxg6 hxg6 25. Rf3+ Qf6 26. Rxf6+
gxf6 27. Rxe8+ Rxe8 28. Kf1 Re7 29. h4 Kg7 30. Qa3 Rd7 31. Qxa7 Kh6 32. a4 Rh7
33. a5 f5 34. b4 Rg7 35. Qb6 Kh5 36. Qd8 g5 37. Qh8+ Kg6 38. h5+ Kf7 39. h6 Rg6
40. Qb8 Rxh6 41. Qxb7+ Kg6 42. a6 Kh5 43. a7 Kg4 44. a8=Q Kf4 45. Qc7+ Ke4 46.
Qe5+ Kd3 47. Qa3+ Kc4 48. Qc5# 1-0

[Event "European Youth Chess Championship B14"]
[Site "Prague, Top Hotel Prague"]
[Date "2016.08.27"]
[Round "9.56"]
[White "Mao, Ximan"]
[Black "Gloser, David"]
[Result "1-0"]
[WhiteElo "1731"]
[BlackElo "1900"]
[PlyCount "93"]
[EventDate "2016.08.18"]

1. d4 Nf6 2. c4 c5 3. d5 b5 4. cxb5 a6 5. bxa6 Bxa6 6. Nc3 g6 7. g3 d6 8. Bg2
Bg7 9. Nf3 Nbd7 10. Rb1 O-O 11. O-O Ng4 12. Qc2 Ra7 13. b3 Nge5 14. Nxe5 Nxe5
15. Re1 Qa8 16. Bd2 Rc8 17. Qc1 Bb7 18. Bh6 Bh8 19. a4 e6 20. Rd1 Ra6 21. Qf4
Rb6 22. Ne4 f5 23. Nc3 Ng4 24. Nb5 Be5 25. Qd2 Bxd5 26. Bxd5 exd5 27. Bg5 d4
28. h3 Nf6 29. Bxf6 Bxf6 30. e3 dxe3 31. Qxe3 Be5 32. Qd3 Rd8 33. Qc4+ Kh8 34.
Rd5 Qb8 35. Rbd1 Kg7 36. Qd3 Re8 37. Nxd6 Bxd6 38. Rxd6 Rxb3 39. Rd7+ Kh8 40.
Qd5 Rxg3+ 41. fxg3 Qxg3+ 42. Qg2 Re1+ 43. Rxe1 Qxe1+ 44. Qf1 Qg3+ 45. Kh1 c4
46. Re7 f4 47. Qg2 1-0

[Event "European Youth Chess Championship B14"]
[Site "Prague, Top Hotel Prague"]
[Date "2016.08.27"]
[Round "9.57"]
[White "Matus, Filip"]
[Black "Lavorgna, Francesco"]
[Result "1/2-1/2"]
[WhiteElo "1700"]
[BlackElo "1887"]
[PlyCount "62"]
[EventDate "2016.08.18"]

1. e4 c6 2. d4 d5 3. exd5 cxd5 4. Bd3 Nc6 5. c3 Qc7 6. h3 Nf6 7. Ne2 e6 8. Bf4
Bd6 9. Bxd6 Qxd6 10. O-O O-O 11. Nd2 e5 12. dxe5 Nxe5 13. Nc4 Nxc4 14. Bxc4 Qc5
15. Bb3 Bd7 16. Qd4 Qxd4 17. Nxd4 Rfe8 18. Rfe1 Kf8 19. Rad1 Rxe1+ 20. Rxe1 Re8
21. Rxe8+ Kxe8 22. f3 Ke7 23. Kf2 Kd6 24. Ke3 b5 25. Ne2 a5 26. Kd4 Bf5 27. a4
Bd7 28. axb5 Bxb5 29. Nf4 Bc6 30. c4 dxc4 31. Bxc4 Be8 1/2-1/2

[Event "European Youth Chess Championship B14"]
[Site "Prague, Top Hotel Prague"]
[Date "2016.08.27"]
[Round "9.58"]
[White "Van, Malder Dries"]
[Black "Pavlik, Vladimir"]
[Result "1/2-1/2"]
[WhiteElo "1883"]
[BlackElo "1749"]
[PlyCount "60"]
[EventDate "2016.08.18"]

1. d4 d5 2. c4 c6 3. Nf3 Nf6 4. Nbd2 Bf5 5. Nh4 Bg6 6. Qb3 Qc7 7. Nxg6 hxg6 8.
g3 e6 9. Bg2 Be7 10. O-O O-O 11. e4 dxe4 12. Nxe4 Nxe4 13. Bxe4 Nd7 14. Bf4 Qb6
15. Qxb6 Nxb6 16. b3 Rfd8 17. Rad1 Bf6 18. Be3 Rd7 19. Rd2 Rad8 20. Rfd1 Be7
21. f4 Bb4 22. Rd3 Kf8 23. Kf2 Nc8 24. Bc1 Nd6 25. Ke3 Nf5+ 26. Bxf5 gxf5 27.
a3 Ba5 28. Bb2 g6 29. b4 Bc7 30. h3 Ke7 1/2-1/2

[Event "European Youth Chess Championship B14"]
[Site "Prague, Top Hotel Prague"]
[Date "2016.08.27"]
[Round "9.59"]
[White "Matis, Tibor"]
[Black "Martins, Bruno Andre Leite"]
[Result "1/2-1/2"]
[WhiteElo "1709"]
[BlackElo "1878"]
[PlyCount "77"]
[EventDate "2016.08.18"]

1. e4 c5 2. Nf3 Nc6 3. d4 cxd4 4. Nxd4 g6 5. Nc3 Bg7 6. Be3 Nf6 7. f3 O-O 8.
Qd2 d5 9. O-O-O dxe4 10. Nxc6 Qxd2+ 11. Rxd2 bxc6 12. Nxe4 Nd5 13. Bf2 Bh6 14.
Nc5 Rd8 15. Bd3 Bxd2+ 16. Kxd2 Nf4 17. g3 Nxd3 18. cxd3 h5 19. Re1 Kf8 20. Be3
f6 21. h4 Kf7 22. Rg1 Be6 23. g4 Bd5 24. Rf1 hxg4 25. fxg4 Rh8 26. Bf2 e5 27.
Bg3 Ke7 28. a3 a5 29. g5 f5 30. Bxe5 Rxh4 31. Re1 Kf7 32. Nb7 Be6 33. Bf6 Bd5
34. Re7+ Kf8 35. Rg7 Ra7 36. Rd7 f4 37. Rd8+ Kf7 38. Rd7+ Kf8 39. Rd8+ 1/2-1/2

[Event "European Youth Chess Championship B14"]
[Site "Prague, Top Hotel Prague"]
[Date "2016.08.27"]
[Round "9.60"]
[White "Kirilov, Ivaylo"]
[Black "Berera, Siddharth"]
[Result "1-0"]
[WhiteElo "1911"]
[BlackElo "1676"]
[PlyCount "83"]
[EventDate "2016.08.18"]

1. e4 c5 2. Nf3 Nc6 3. d4 cxd4 4. Nxd4 g6 5. Nc3 Bg7 6. Be3 Nf6 7. g3 O-O 8.
Bg2 d5 9. exd5 Nb4 10. Nde2 Bf5 11. Rc1 Qa5 12. O-O Rfd8 13. Qd2 Kh8 14. Rfd1
Bg4 15. a3 Nbxd5 16. Nxd5 Qxd2 17. Rxd2 Nxd5 18. Bxd5 Bxe2 19. Rxe2 Rxd5 20. c3
b6 21. Kf1 Kg8 22. Ke1 e5 23. Rd2 Rad8 24. Rcd1 Rxd2 25. Rxd2 Rxd2 26. Kxd2 Kf8
27. Kd3 Ke7 28. Kc4 Kd7 29. Kb5 Kc7 30. Ka6 Kb8 31. a4 Bf8 32. a5 bxa5 33.
Bxa7+ Ka8 34. b3 Ba3 35. Be3 Bb2 36. Bd2 f5 37. Kxa5 g5 38. Ka4 f4 39. gxf4
gxf4 40. b4 e4 41. Kb3 Ba1 42. Bxf4 1-0

[Event "European Youth Chess Championship B14"]
[Site "Prague, Top Hotel Prague"]
[Date "2016.08.27"]
[Round "9.61"]
[White "Balin, Daniel"]
[Black "Lavorgna, Filippo"]
[Result "0-1"]
[WhiteElo "1567"]
[BlackElo "1849"]
[PlyCount "104"]
[EventDate "2016.08.18"]

1. d4 Nf6 2. c4 e6 3. Nc3 d5 4. cxd5 exd5 5. Bg5 c6 6. e3 Be7 7. Qc2 O-O 8. Bd3
Nbd7 9. Nge2 Re8 10. f3 Nf8 11. O-O g6 12. Rad1 Ne6 13. Bh4 b6 14. Rfe1 Bb7 15.
Bf2 c5 16. Ng3 Rc8 17. Qd2 a6 18. h4 b5 19. h5 b4 20. hxg6 bxc3 21. gxh7+ Nxh7
22. bxc3 Qa5 23. Nf5 Bf8 24. Qb2 Ba8 25. Bg3 cxd4 26. cxd4 Nf6 27. Be5 Nh7 28.
Bd6 Rcd8 29. Qb1 Bxd6 30. Nxd6 Rxd6 31. Bxh7+ Kf8 32. Qf5 Ng7 33. Qg5 Rde6 34.
e4 Qd8 35. Qg4 dxe4 36. fxe4 Qe7 37. e5 Rh6 38. Bc2 Qh4 39. Qxh4 Rxh4 40. d5
Rg4 41. Rd2 Rg5 42. d6 Ne6 43. Bb3 Rd8 44. Rf2 Bc6 45. Rc2 Bb7 46. Ree2 Nd4 47.
Bxf7 Kxf7 48. Rf2+ Ke6 49. Rc4 Nc6 50. Rcf4 Nxe5 51. Rf6+ Kd5 52. Rd2+ Kc5 0-1

[Event "European Youth Chess Championship B14"]
[Site "Prague, Top Hotel Prague"]
[Date "2016.08.27"]
[Round "9.62"]
[White "Dobrin, Ionut-Alexandru"]
[Black "Maziukas, Kasparas"]
[Result "1-0"]
[WhiteElo "1829"]
[BlackElo "1596"]
[PlyCount "115"]
[EventDate "2016.08.18"]

1. d4 Nf6 2. c4 g6 3. Nc3 Bg7 4. e4 d6 5. Be3 O-O 6. Qd2 e5 7. d5 a5 8. f3 Ne8
9. g4 Na6 10. O-O-O Bd7 11. Bh6 Nc5 12. Bxg7 Nxg7 13. h4 f5 14. gxf5 gxf5 15.
Bd3 Nxd3+ 16. Qxd3 fxe4 17. fxe4 Rf2 18. Qg3 Qf6 19. Nge2 Kh8 20. Rdg1 Rf8 21.
Qg5 b5 22. cxb5 Bxb5 23. Nxb5 Rxe2 24. Qxf6 Rxf6 25. Nc3 Ref2 26. Nd1 R2f4 27.
Nc3 Rh6 28. Rg2 Rhxh4 29. Rhg1 Rf7 30. Kd2 h5 31. Kd3 Rh3+ 32. Kc4 h4 33. Kb5
Nh5 34. Kxa5 Nf4 35. Rg4 Rh2 36. Nd1 Kh7 37. a4 Kh6 38. b4 Rf6 39. Kb5 Rg6 40.
Ne3 Kh5 41. Rxg6 Nxg6 42. a5 Ne7 43. Rg7 Ng6 44. Rh7+ Kg5 45. a6 Rf2 46. Kc6
Kf4 47. Rf7+ Kxe3 48. Rxf2 Kxf2 49. a7 h3 50. a8=Q h2 51. Qa2+ Kg1 52. Qb1+ Kg2
53. Qc2+ Kg1 54. Qd1+ Kg2 55. Qg4+ Kf1 56. Qh3+ Kg1 57. Qg3+ Kh1 58. Qf2 1-0

[Event "European Youth Chess Championship B14"]
[Site "Prague, Top Hotel Prague"]
[Date "2016.08.27"]
[Round "9.63"]
[White "Jamalov, Adam"]
[Black "Vorisek, Jakub"]
[Result "1/2-1/2"]
[WhiteElo "1597"]
[BlackElo "1813"]
[PlyCount "88"]
[EventDate "2016.08.18"]

1. d4 f5 2. Nf3 Nf6 3. Bf4 e6 4. e3 b6 5. Be2 Bb7 6. Nbd2 g6 7. c3 Bg7 8. h4 d6
9. Qb3 Qe7 10. Bc4 Nd5 11. Bg5 Bf6 12. O-O-O h6 13. Bxf6 Nxf6 14. Be2 Nbd7 15.
Qc4 O-O-O 16. Qa4 Kb8 17. Ba6 e5 18. Bxb7 Kxb7 19. c4 c5 20. d5 Nb8 21. Rhe1
Ng4 22. Re2 e4 23. Ne1 Qxh4 24. g3 Qh5 25. Ng2 Ne5 26. Nf4 Nd3+ 27. Nxd3 Qxe2
28. Nf4 Qxf2 29. Nxg6 Rhg8 30. Rf1 Qxf1+ 31. Nxf1 Rxg6 32. Qc2 Nd7 33. Qf2 Rg5
34. a3 Ne5 35. Qh2 h5 36. Qh4 Rdg8 37. b3 Kc7 38. Kc2 Kd7 39. Kc1 Ke8 40. Kc2
Kf7 41. Kc1 Kg6 42. Kc2 Rg4 43. Qe7 Nf7 44. Qe6+ Kg7 1/2-1/2

[Event "European Youth Chess Championship B14"]
[Site "Prague, Top Hotel Prague"]
[Date "2016.08.27"]
[Round "9.64"]
[White "Winkin, Pol"]
[Black "Ocko, Dominik"]
[Result "1/2-1/2"]
[WhiteElo "1391"]
[BlackElo "1784"]
[PlyCount "48"]
[EventDate "2016.08.18"]

1. d4 d5 2. c4 Bf5 3. cxd5 Bxb1 4. Qa4+ c6 5. Rxb1 Qxd5 6. Nf3 Nf6 7. e3 e6 8.
a3 Nbd7 9. Bd3 Be7 10. O-O O-O 11. Bd2 Nb6 12. Qa5 Rfc8 13. Qxd5 cxd5 14. Rbc1
Na4 15. Rxc8+ Rxc8 16. Rc1 Rxc1+ 17. Bxc1 Bd6 18. Kf1 a6 19. Nd2 Kf8 20. e4 Bf4
21. e5 Nd7 22. Ke2 h6 23. g3 Bxd2 24. Kxd2 Ke7 1/2-1/2

[Event "European Youth Chess Championship B14"]
[Site "Prague, Top Hotel Prague"]
[Date "2016.08.27"]
[Round "9.67"]
[White "Petrovic, Lazar"]
[Black "Marko, Pirro"]
[Result "1/2-1/2"]
[WhiteElo "1650"]
[BlackElo "1441"]
[PlyCount "100"]
[EventDate "2016.08.18"]

1. d4 d5 2. Nf3 Nf6 3. Bf4 e6 4. e3 Bd6 5. Bg3 O-O 6. Be2 Qe7 7. O-O Nbd7 8. c4
c5 9. cxd5 Nxd5 10. Nc3 Nxc3 11. bxc3 Bxg3 12. hxg3 Rd8 13. Qb3 b6 14. a4 a5
15. Bb5 Ba6 16. Rfb1 Bxb5 17. Qxb5 Rab8 18. Rc1 Rdc8 19. Rab1 Qd6 20. Rd1 Qc6
21. Qxc6 Rxc6 22. d5 exd5 23. Rxd5 Nf6 24. Rd3 Kf8 25. Rbd1 Ke7 26. Ne5 Rc7 27.
Rd6 Kf8 28. Nc6 Rbc8 29. Rd8+ Rxd8 30. Rxd8+ Ne8 31. Ne5 f6 32. Nc4 Rb7 33. Nd6
Re7 34. c4 Re6 35. Rxe8+ Rxe8 36. Nxe8 Kxe8 37. Kf1 Ke7 38. Ke2 Kd6 39. Kd3 Ke5
40. g4 g6 41. f4+ Ke6 42. g3 h6 43. Ke4 Kd6 44. Kd3 g5 45. Ke4 Ke6 46. Kd3 Kd6
47. e4 Kd7 48. e5 fxe5 49. fxe5 Ke7 50. Ke3 Kd7 1/2-1/2

[Event "European Youth Chess Championship B14"]
[Site "Prague, Top Hotel Prague"]
[Date "2016.08.27"]
[Round "9.68"]
[White "Apergis, Iosif"]
[Black "Djian, Lenny"]
[Result "1/2-1/2"]
[WhiteElo "1203"]
[BlackElo "1503"]
[PlyCount "51"]
[EventDate "2016.08.18"]

1. e4 e6 2. d4 d5 3. Nd2 Nf6 4. e5 Nfd7 5. Bd3 c5 6. c3 Nc6 7. Ne2 Be7 8. Nf3
O-O 9. O-O Re8 10. Be3 cxd4 11. cxd4 Nf8 12. Nf4 Bd7 13. a3 Rc8 14. Rc1 Qb6 15.
Qd2 Ng6 16. Nxg6 fxg6 17. Bb1 Nb8 18. Bg5 Qd8 19. Rxc8 Bxc8 20. Bxe7 Qxe7 21.
Qg5 Qxg5 22. Nxg5 Nc6 23. Nf3 Bd7 24. Rc1 Re7 25. b3 Be8 26. Kf1 1/2-1/2

[Event "European Youth Chess Championship B14"]
[Site "Prague, Top Hotel Prague"]
[Date "2016.08.27"]
[Round "9.69"]
[White "Antonioudakis, Dimitrios"]
[Black "Kriz, Tomas"]
[Result "0-1"]
[WhiteElo "1187"]
[BlackElo "1404"]
[PlyCount "56"]
[EventDate "2016.08.18"]

1. e4 d6 2. Nf3 Nd7 3. Nc3 Ngf6 4. Bc4 e5 5. d3 Be7 6. Bxf7+ Kxf7 7. Ng5+ Kg8
8. Ne6 Qe8 9. Nxc7 Qd8 10. Nxa8 b6 11. Nxb6 Nxb6 12. O-O h6 13. f4 Kh7 14. f5
Rg8 15. Rf3 d5 16. Qe1 Bb7 17. Rh3 dxe4 18. Qg3 Qe8 19. Qg5 Bf8 20. Nb5 Rh8 21.
Nc7 Qf7 22. Ne6 Kg8 23. Nd8 Qe8 24. Qg3 Qxd8 25. Rxh6 Rxh6 26. Bxh6 exd3 27.
cxd3 Qd4+ 28. Kf1 Qxb2 0-1

[Event "European Youth Chess Championship B14"]
[Site "Prague, Top Hotel Prague"]
[Date "2016.08.27"]
[Round "9.70"]
[White "Gatt, Matthias"]
[Black "Cernicek, Matyas"]
[Result "1/2-1/2"]
[WhiteElo "1475"]
[BlackElo "1461"]
[PlyCount "42"]
[EventDate "2016.08.18"]

1. d4 d5 2. f4 Bf5 3. Nf3 Nf6 4. e3 c5 5. c3 e6 6. Ne5 Nbd7 7. Nxd7 Qxd7 8. Be2
b6 9. O-O Be7 10. Nd2 Ne4 11. Nxe4 Bxe4 12. Bd3 Bxd3 13. Qxd3 O-O-O 14. Qa6+
Qb7 15. Qxb7+ Kxb7 16. a4 Ka6 17. Bd2 c4 18. Rfb1 Kb7 19. b4 a6 20. b5 a5 21.
Kf1 h5 1/2-1/2

[Event "European Youth Chess Championship B16"]
[Site "Prague, Top Hotel Prague"]
[Date "2016.08.18"]
[Round "1.1"]
[White "Lobanov, Sergei"]
[Black "Papp, Levente"]
[Result "1-0"]
[WhiteElo "2450"]
[BlackElo "2120"]
[PlyCount "111"]
[EventDate "2016.??.??"]
[WhiteClock "0:36:40"]
[BlackClock "0:08:35"]

1. Nf3 d5 2. g3 Nf6 3. Bg2 c6 4. O-O Bf5 5. c4 e6 6. d3 Nbd7 7. cxd5 exd5 8.
Nc3 Be7 9. Be3 O-O 10. Qb3 Nb6 11. a4 Rb8 12. Nd4 Bg6 13. a5 Nbd7 14. Bf4 Nc5
15. Qc2 Bd6 16. Bxd6 Qxd6 17. Na4 Na6 18. Rfc1 Nd7 19. Nb3 Rfe8 20. Bf1 Rec8
21. Nac5 Naxc5 22. Nxc5 Nxc5 23. Qxc5 Qxc5 24. Rxc5 b6 25. Rc3 Bf5 26. b4 bxa5
27. bxa5 Rb4 28. Rc5 Bd7 29. f4 Rcb8 30. Rac1 R8b5 31. Kf2 a6 32. e4 d4 33. e5
Rb2+ 34. Kf3 Ra2 35. Ke4 Rbxa5 36. Rxa5 Rxa5 37. Kxd4 Rd5+ 38. Ke3 Rb5 39. d4
Rb3+ 40. Kd2 Rb2+ 41. Rc2 Rb6 42. Ra2 Bc8 43. Kc3 Kf8 44. Ra4 Ke7 45. Rb4 Rxb4
46. Kxb4 Kd8 47. Ka5 Kc7 48. Bxa6 Bxa6 49. Kxa6 c5 50. Kb5 cxd4 51. Kc4 Kd7 52.
Kxd4 Ke6 53. Ke4 g6 54. g4 f5+ 55. gxf5+ gxf5+ 56. Kd4 1-0

[Event "European Youth Chess Championship B16"]
[Site "Prague, Top Hotel Prague"]
[Date "2016.08.18"]
[Round "1.2"]
[White "D`Avino, Gianfranco"]
[Black "Petrov, Martin"]
[Result "0-1"]
[WhiteElo "2119"]
[BlackElo "2446"]
[PlyCount "92"]
[EventDate "2016.??.??"]
[WhiteClock "0:04:00"]
[BlackClock "0:02:49"]

1. d4 Nf6 2. c4 e6 3. Nf3 b6 4. a3 Bb7 5. Nc3 d5 6. cxd5 Nxd5 7. e3 Nd7 8. Bd3
Be7 9. O-O O-O 10. e4 Nxc3 11. bxc3 c5 12. Bb2 Qc7 13. Qe2 Rac8 14. Rad1 Rfd8
15. Bb1 cxd4 16. cxd4 Qc4 17. Qxc4 Rxc4 18. Nd2 Rc7 19. Rc1 Rdc8 20. Rxc7 Rxc7
21. Rc1 Rxc1+ 22. Bxc1 b5 23. f4 Nb6 24. Kf2 b4 25. axb4 Bxb4 26. Bc2 a5 27.
Nb1 Nc4 28. Bd3 Nd6 29. e5 Nf5 30. Bxf5 exf5 31. Ba3 Kf8 32. g3 Ke7 33. Ke3 Ke6
34. Bb2 Kd5 35. Na3 Bxa3 36. Bxa3 Kc4 37. Bc5 a4 38. g4 fxg4 39. f5 Bd5 40. Kd2
Kb3 41. Kc1 a3 42. Kb1 Be4+ 43. Ka1 Bxf5 44. Bf8 h5 45. Bxg7 h4 46. Bf6 g3 0-1

[Event "European Youth Chess Championship B16"]
[Site "Prague, Top Hotel Prague"]
[Date "2016.08.18"]
[Round "1.3"]
[White "Pechac, Jergus"]
[Black "Liska, Jiri"]
[Result "1-0"]
[WhiteElo "2443"]
[BlackElo "2116"]
[PlyCount "101"]
[EventDate "2016.??.??"]
[WhiteClock "0:12:24"]
[BlackClock "0:02:59"]

1. d4 Nf6 2. Nf3 g6 3. c4 Bg7 4. Nc3 d5 5. cxd5 Nxd5 6. Bd2 c6 7. e3 O-O 8. Bc4
Nb6 9. Bb3 N8d7 10. Ne4 a5 11. O-O a4 12. Bc2 Nf6 13. Nc5 Nc4 14. Nxa4 Bg4 15.
Bc3 Nd5 16. Bb3 Bxf3 17. gxf3 Nxc3 18. bxc3 Nd6 19. Nc5 e5 20. Kh1 exd4 21.
cxd4 Ra5 22. Rc1 Qh4 23. Qd2 b6 24. Rg1 Rfa8 25. Nd3 Qf6 26. Qe2 Qe7 27. Rxc6
Bxd4 28. Nf4 Bg7 29. Nd5 Qd8 30. Rd1 Bf8 31. Qb2 Bg7 32. Qd2 Rc5 33. Rxb6 Nc4
34. Bxc4 Rxc4 35. Qe2 Qh4 36. f4 Rca4 37. Rd2 Rc8 38. Rb1 h5 39. Qf3 Rac4 40.
Qg3 Qd8 41. Rbd1 Kh7 42. f5 Rg4 43. Qf3 Qg5 44. h3 Qh4 45. Nf4 Rg5 46. fxg6+
fxg6 47. Rd7 Rg8 48. R1d6 Kh6 49. Ne6 Rf5 50. Qxf5 gxf5 51. Nxg7+ 1-0

[Event "European Youth Chess Championship B16"]
[Site "Prague, Top Hotel Prague"]
[Date "2016.08.18"]
[Round "1.4"]
[White "Dill, Xaver"]
[Black "Sorokin, Aleksey"]
[Result "0-1"]
[WhiteElo "2110"]
[BlackElo "2425"]
[PlyCount "84"]
[EventDate "2016.??.??"]
[WhiteClock "0:38:09"]
[BlackClock "0:15:56"]

1. Nf3 Nf6 2. c4 g6 3. Nc3 d5 4. cxd5 Nxd5 5. h4 Bg7 6. h5 Nc6 7. g3 Nxc3 8.
bxc3 e5 9. Bg2 e4 10. Nd4 Nxd4 11. cxd4 O-O 12. e3 Re8 13. Rb1 b6 14. hxg6 hxg6
15. O-O Ba6 16. Re1 c5 17. dxc5 Bd3 18. Rb3 bxc5 19. Bb2 Bxb2 20. Rxb2 Qf6 21.
Qc1 c4 22. Rb7 Reb8 23. Rxb8+ Rxb8 24. Bf1 Rb2 25. Bxd3 cxd3 26. Rf1 Rxa2 27.
Qc4 Rxd2 28. Qxe4 Kg7 29. Qd5 Qc3 30. Kg2 Rc2 31. Qd8 Qc6+ 32. Kg1 d2 33. Rd1
Qf3 34. Qd4+ Kh7 35. Qh4+ Qh5 36. Qxh5+ gxh5 37. Kf1 Rc1 38. Ke2 Rxd1 39. Kxd1
Kg6 40. Kxd2 Kg5 41. f3 a5 42. e4 h4 0-1

[Event "European Youth Chess Championship B16"]
[Site "Prague, Top Hotel Prague"]
[Date "2016.08.18"]
[Round "1.5"]
[White "Costachi, Mihnea"]
[Black "Storme, Isak"]
[Result "0-1"]
[WhiteElo "2416"]
[BlackElo "2108"]
[PlyCount "102"]
[EventDate "2016.??.??"]
[WhiteClock "0:06:01"]
[BlackClock "0:13:43"]

1. d4 f5 2. e4 fxe4 3. Nc3 Nf6 4. Bg5 Nc6 5. d5 Ne5 6. Qd4 Nf7 7. h4 e5 8. dxe6
dxe6 9. Qxd8+ Nxd8 10. O-O-O Bd7 11. Nh3 Nf7 12. Bc4 Nd6 13. Bb3 O-O-O 14. Rhe1
Be7 15. Nf4 e5 16. Ne6 Bxe6 17. Bxe6+ Kb8 18. h5 h6 19. Bh4 Rhe8 20. Bxf6 Bxf6
21. Bd5 Bh4 22. g3 Bg5+ 23. Kb1 Rf8 24. Bxe4 Rxf2 25. Bg6 Nc4 26. Rxd8+ Bxd8
27. b3 Nd6 28. Nd5 c6 29. Ne3 Ba5 30. Rd1 Nb5 31. Rd7 Re2 32. Nd1 e4 33. Kb2
Bb4 34. a4 Na3 35. Bf5 Nxc2 36. Nc3 Rh2 37. Rd8+ Kc7 38. Rd7+ Kb6 39. a5+ Kxa5
40. Nxe4 Nd4+ 41. Kb1 Nxf5 42. Rxb7 Rxh5 43. g4 Rh1+ 44. Kc2 Ne3+ 45. Kd3 Nxg4
46. Rxa7+ Kb6 47. Rxg7 Rh3+ 48. Kc4 Ne3+ 49. Kxb4 Rh4 50. Kc3 Rxe4 51. Kd3 Re6
0-1